Κατάλογος Βιβλιοθηκών Mediterranean College

Τεχνικά Υλικά. (Record no. 9427)

MARC details
000 -LEADER
fixed length control field 01524cam a22001934a 4500
005 - ΗΜΕΡΟΜΗΝΙΑ ΚΑΙ ΩΡΑ ΤΕΛΕΥΤΑΙΑΣ ΕΝΗΜΕΡΩΣΗΣ
Πεδίο ελέγχου 20250605164400.0
008 - FIXED-LENGTH DATA ELEMENTS--GENERAL INFORMATION
Πεδίο ελέγχου σταθερού μήκους 250528s ||||||||||||||||||||||||d
035 ## - SYSTEM CONTROL NUMBER
System control number 24551
040 ## - ΠΗΓΗ ΚΑΤΑΛΟΓΟΓΡΑΦΗΣΗΣ
Φορέας πρωτότυπης καταλογογράφησης MC Athens Campus Library
Γλώσσα καταλογογράφησης Ελληνικά, Μοντέρνα (1453-)
Modifying agency MC Athens Campus Library
Κανόνες περιγραφικής καταλογογράφησης AACR2
245 1# - ΤΙΤΛΟΣ ΚΑΙ ΔΗΛΩΣΗ ΥΠΕΥΘΥΝΟΤΗΤΑΣ
Τίτλος Τεχνικά Υλικά.
Number of part/section of a work Τόμος 2
260 ## - PUBLICATION, DISTRIBUTION, ETC.
Place of publication, distribution, etc. Αθήνα
Name of publisher, distributor, etc. Ε.Μ. Πολυτεχνείο,
Date of publication, distribution, etc. 2002
300 ## - PHYSICAL DESCRIPTION
Extent 100
520 ## - SUMMARY, ETC.
Summary, etc. Προστασία από Θερμότητα-Ψύχος, Χρησιμότητα της Θερμομόνωσης στις Κατασκευές, Μετάδοση της Θερμότητας στο Χώρο, Παράγοντες οι Οποίοι Επηρεάζουν το Συντελεστή Θερμικής Αγωγιμότητας, Υπολογισμός των Μεγεθών Λ και Κ, Θερμοχωρητικότητα, Θερμοκρασία Ποδιού, Θερμομονωτικά Υλικά, Εφαρμογές Θερμομόνωσης, Προστασία από την Υγρασία, Η Υγρασία του Αέρα, Φράγμα Υδρατμών, Εφαρμογές Υγρομόνωσης, Προστασία έναντι του Ήχου, Ηχητικά Κύματα, Φαινόμενα κατά την Ηχοδιάδοση, Είδη Ήχων, Ηχοαπορροφητικά Υλικά, Ηχομόνωση, Βιβλιογραφία, Περιεχόμενα.
700 1# - ΠΡΟΣΘΕΤΗ ΑΝΑΓΡΑΦΗ--ΦΥΣΙΚΟ ΠΡΟΣΩΠΟ
Personal name Κορωναίος Αιμίλιος Γ
9 (RLIN) 3592
700 1# - ΠΡΟΣΘΕΤΗ ΑΝΑΓΡΑΦΗ--ΦΥΣΙΚΟ ΠΡΟΣΩΠΟ
Personal name Πουλάκος Γεώργιος Ι
9 (RLIN) 9467
942 ## - ADDED ENTRY ELEMENTS (KOHA)
Koha item type Περιοδικά Δημοσιεύματα
Holdings
Τύπος τεκμηρίου Βιβλιοθήκη Τρέχουσα τοποθεσία Barcode Αριθμός εισαγωγής Ημερομηνία απόκτησης Ταξιθετικό σύμβολο Αριθμός αντιτύπου Κατάσταση απόσυρσης Κατάσταση χαμένου Κατάσταση κατεστραμμένου Μη δανεισμός Σύνολο δανεισμών Ημερομηνία τελευταίας εμφάνισης Η τιμή ισχύει από
Περιοδικά Δημοσιεύματα MC Athens Campus Library MC Athens Campus Library 9780000094261 7737 05/06/2025 691 KOR V.2 1           05/06/2025 05/06/2025

MC Athens Campus Library
Πατησίων 94 & Κοδριγκτώνος 13, 104 34
Πελλήνης 8 & Πατησίων 107, 112 51
Τ: +30 210 8899600

MC Thessaloniki Campus Library
Ίωνος Δραγούμη 21, 54625 | Ίωνος Δραγούμη 15, 54625
Τ: +30 2310 287779 – Τ: +30 2314 440300